000
00217nam a22000857a 4500
008
160718b xxu||||| |||| 00| 0 eng d
100
_9
3034
_a
Aggarwal R.S
245
_a
Mathematics-8
260
_a
Patna
_b
B.B. Publication
_c
2010
999
_c
2597
_d
2597